Responses for Show #1319 - Thursday, May 3, 1990

Contestants

[<< previous game]

John Baird, an attorney from Norwalk, Ohio

Doug Fisher, a human resources advisor from Montreal, Quebec

Paula Massengale, a bookkeeper from San Antonio, Texas (whose 3-day cash winnings total $35,401)

[next game >>]

Jeopardy! Round responses

LETTER PERFECT
POLITICAL QUOTES
DISNEYLAND
LOVE POEMS
WINE
TWINS
    $100 21
A

John
    $100 4
John F. Kennedy

Paula
    $100 11
Richard Nixon

Paula
    $100 16
Sight

Paula
    $100 26
Cork

Doug
    $100 1
Doublemint Gum

Paula
    $200 22
(Alex: Minute to go in the round.)

B

Paula
    $200 5
Destiny

Paula
    $200 12
Big Thunder, Matterhorn, Space Mountain & Splash Mountain

Paula
    $200 17
Spring

Paula
    $200 27
Sauvignon

Doug
    $200 2
Doubleheader

John
    $300 23
C

Paula
    $300 6
Bob Dole

Paula
    $300 13
7 weeks

Doug
    $300 18
The Blade

Paula
    $300 28
(Doug: What is bacteria?)

yeast

DougJohn
    $300 3
(Paula: What is ALF?)

Full House

Paula
Triple Stumper
    $400 24
("Big) D" (for Dallas)

Paula
    $400 7
(John: What is silver?)
(Doug: What is water?)
(Paula: What are slaves?)

(1 of) soil, men & speech

PaulaDougJohn
Triple Stumper
    $400 14
Blue Bayou

Paula
    $400 19
Tears

Paula
    $400 29
[The end-of-round signal sounds.]

still wine

Triple Stumper
    $400 9
Jacob & Esau

Paula
    $500 25
E

Doug
    $500 8
Woodrow Wilson

Paula
    $500 15
"When You Wish Upon A Star"

Paula
    $3,100 20
Robert Burns

Paula
    $500 10
"Skippy"

Triple Stumper

Scores at the first commercial break (after clue 12):

Paula Doug John
$1,200 -$400 -$200

Scores at the end of the Jeopardy! Round:

Paula Doug John
$7,100 $400 $200

Double Jeopardy! Round responses

PLAYWRIGHTS
HISTORIC CITIES
PROPHECIES & PREDICTIONS
THE DAKOTAS
LIBRARIES
POTPOURRI
    $200 6
(John: Who is Richard Rodgers?)

Oscar Hammerstein

PaulaJohn
    $200 1
Ankara

Doug
    $200 16
Abraham Lincoln

Doug
    $200 11
Prairie Dogs

Doug
    $200 21
Oxford

Paula
    $200 26
(Doug: Who is Michael Jackson?)

Elvis Presley

DougJohn
    $400 7
John

Triple Stumper
    $400 2
Kyoto & Tokyo

Paula
    $400 17
Revelation/The Apocalypse

John
    $400 12
Central & Mountain

John
    $400 22
(Doug: What is Book Week?)

National Library Week

DougJohn
    $400 27
[The end-of-round signal sounds.]

Casey Kasem

Paula
    $600 8
T.S. Eliot

Paula
    $600 3
Charlemagne

Paula
    $600 18
Nostradamus

Paula
    $600 13
Bismarck & Pierre

Paula
    $600 23
(minute to go in the round...)

Card Catalog

Paula
    $800 9
Richard Wright

Triple Stumper
    $800 4
Worms

Paula
    $800 19
(Paula: What is the heart?)

the liver

PaulaDoug
    $3,000 14
England & France

Paula
    $800 24
(Paula: What is the Kennedy Center?)

Lincoln Center for the Performing Arts

Paula
Triple Stumper
    $5,000 10
(Paula: Who is Shaw?)

Neil Simon

Paula
    $1000 5
Antwerp

Paula
    $1000 20
Edgar Cayce

Doug
    $1000 15
Which state was first

Paula
    $1000 25
Bibliotheque Nationale

Triple Stumper

Scores at the end of the Double Jeopardy! Round:

Paula Doug John
$10,500 $2,200 $1,400
(lock game)

[wagering suggestions for these scores]

Final Jeopardy! Round responses

ACTORS & THEIR ROLES
JohnWho was Henry VIII?
$1,400
DougWho is Richard III?
$2,000
PaulaWho is Henry VIII?
$5,000
Henry VIII

Final scores:

Paula Doug John
$15,500 $200 $2,800
4-day champion: $50,901 3rd place: M.C. Fina Silver Buffet Service 2nd place: CSR 286 Slimline Desktop Computer

Game dynamics:

Coryat scores:

Paula Doug John
$10,700 $2,200 $1,400
31 R
(including 2 DDs),
5 W
(including 1 DD)
9 R,
4 W
7 R,
2 W

Combined Coryat: $14,300

[game clues] [game scores] [suggest correction]

Game tape date: 1989-12-11
The J! Archive is created by fans, for fans. Scraping, republication, monetization, and malicious use prohibited; this site may use cookies and collect identifying information. See terms. The Jeopardy! game show and all elements thereof, including but not limited to copyright and trademark thereto, are the property of Jeopardy Productions, Inc. and are protected under law. This website is not affiliated with, sponsored by, or operated by Jeopardy Productions, Inc. Join the discussion at JBoard.tv.